Contaminated real estate: implications for real estate appraisers. (Record no. 94207)

MARC details
000 -LEADER
fixed length control field 00874cam a2200229 4500
008 - FIXED-LENGTH DATA ELEMENTS--GENERAL INFORMATION
fixed length control field 090401t1992 xxu||||| |||| 00| 0 eng d
020 ## - INTERNATIONAL STANDARD BOOK NUMBER
International Standard Book Number 092005823X
035 ## - SYSTEM CONTROL NUMBER
System control number (Sirsi) u60202
041 ## - LANGUAGE CODE
Language code of text/sound track or separate title eng
050 ## - LIBRARY OF CONGRESS CALL NUMBER
Classification number 333.730971
110 ## - MAIN ENTRY--CORPORATE NAME
Corporate name or jurisdiction name as entry element Appraisal Institute of Canada
9 (RLIN) 829
245 ## - TITLE STATEMENT
Title Contaminated real estate: implications for real estate appraisers.
260 ## - PUBLICATION, DISTRIBUTION, ETC.
Place of publication, distribution, etc. Winnipeg, Canada
Name of publisher, distributor, etc. Appraisal Institute of Canada
Date of publication, distribution, etc. 1992
300 ## - PHYSICAL DESCRIPTION
Extent 92p. ; 28cm.
350 ## - PRICE (NR) (BK AM CF MU VM SE) [OBSOLETE]
Price 0
520 ## - SUMMARY, ETC.
Summary, etc. The Appraisal Institute of Canada commissioned this research paper in order to improve the understanding of the implications of real estate contamination for appraisers. Covers sources of contamination, legal issues, evaluation, valuation and policies.
650 ## - SUBJECT ADDED ENTRY--TOPICAL TERM
Topical term or geographic name entry element CANADA
650 ## - SUBJECT ADDED ENTRY--TOPICAL TERM
Topical term or geographic name entry element CONTAMINATED LAND
690 ## - LOCAL SUBJECT ADDED ENTRY--TOPICAL TERM (OCLC, RLIN)
Topical term or geographic name as entry element OVERSEAS-NORTH AMERICA
942 ## - ADDED ENTRY ELEMENTS (KOHA)
Suppress in OPAC 0
948 ## - LOCAL PROCESSING INFORMATION (OCLC); SERIES PART DESIGNATOR (RLIN)
c (OCLC) 04/03/1997
Holdings
Withdrawn status Lost status Source of classification or shelving scheme Damaged status Not for loan Home library Current library Shelving location Date acquired Total Checkouts Full call number Barcode Date last seen Copy number Price effective from Koha item type
    Dewey Decimal Classification     London London Books 08/02/1993   333.730971 30044136 06/08/2019 1 06/08/2019 Book